Digital signal processing / (Record no. 89979)

MARC details
000 -LEADER
fixed length control field 00621nam a22002177a 4500
005 - DATE AND TIME OF LATEST TRANSACTION
control field 20141113143809.0
010 ## - LCCN (DPL NO)
LC control number ENG-111201
020 ## - INTERNATIONAL STANDARD BOOK NUMBER
International Standard Book Number 9789332902831
Terms of availability 550.00
020 ## - INTERNATIONAL STANDARD BOOK NUMBER
International Standard Book Number 9332902836
Terms of availability 550.00
035 ## - SYSTEM CONTROL NUMBER
System control number EN-94733
037 ## - SOURCE OF ACQUISITION
Source of stock number/acquisition DBAD/PUB
082 ## - DEWEY DECIMAL CLASSIFICATION NUMBER
Classification number 621.3822
100 ## - MAIN ENTRY--PERSONAL NAME
Personal name Salivahanan, S.
245 ## - TITLE STATEMENT
Title Digital signal processing /
Statement of responsibility, etc by S. Salivahanan
250 ## - EDITION STATEMENT
Edition statement 3rd ed
260 ## - PUBLICATION, DISTRIBUTION, ETC. (IMPRINT)
Place of publication, distribution, etc New Delhi
Name of publisher, distributor, etc McGraw Hill Education
Date of publication, distribution, etc 2015
270 ## - ADDRESS
Address P-24, Green Park Extension
City New Delhi
Postal code 110016
300 ## - PHYSICAL DESCRIPTION
Extent xv,912p.
Dimensions 24cm(pbk)
500 ## - GENERAL NOTE
General note Includes index
942 ## - ADDED ENTRY ELEMENTS (KOHA)
Source of classification or shelving scheme Dewey Decimal Classification
Item type English Books
Call number suffix SAL
Classification part 621.3822
Holdings
Withdrawn status Lost status Not for loan Collection code Home library Current library Date acquired Source of acquisition Cost, normal purchase price Full call number Barcode Copy number Cost, replacement price Koha item type
    Not For Loan Non-fiction D.B.Act.Division D.B.Act.Division 12/11/2014 DBAD/PUB 550.00 621.3822 SAL EN-94733 1 550.00 English Books

© Delhi Public Library
Hit Counter
free hit counter